[Event "Titled Tuesday intern op 20th Aug Early"]
[Site "Chess.com INT"]
[Date "2024.08.20"]
[Round "2"]
[White "D'Arruda, Ricardo D"]
[Black "Kamsky, Gata"]
[Result "1-0"]
[WhiteElo "2271"]
[BlackElo "2609"]
[PlyCount "91"]
[EventDate "2024.08.20"]
[EventType "swiss (blitz)"]
[EventRounds "11"]
[EventCountry "USA"]
[SourceTitle "EXT 2025"]
[Source "ChessBase"]
[SourceDate "2024.10.14"]
[SourceVersion "1"]
[SourceVersionDate "2024.10.14"]
[SourceQuality "1"]

1. d4 d5 2. Nf3 Nf6 3. e3 Bf5 4. Bd3 Bg6 5. 0-0 e6 6. Bxg6 hxg6 7. Nbd2 c6 8. c4 Nbd7 9. Qc2 Bd6 10. g3 Qe7 11. e4 dxe4 12. Nxe4 Nxe4 13. Qxe4 Qf6 14. Bg5 Qf5 15. Qxf5 gxf5 16. Rfe1 0-0 17. Rad1 Rfe8 18. Kg2 f6 19. Bc1 b5 20. d5 exd5 21. Rxe8+ Rxe8 22. cxb5 Nb6 23. bxc6 Rc8 24. Be3 Rxc6 25. Bxb6 Rxb6 26. Rxd5 g6 27. b3 Ra6 28. a4 Kf7 29. Rb5 Ba3 30. h4 Bb2 31. Nd2 Bd4 32. Nc4 Ke6 33. a5 Rc6 34. Rb7 g5 35. h5 Rc8 36. h6 Rh8 37. h7 g4 38. f4 Kd5 39. Kf1 Bc3 40. Ke2 Kc5 41. Ne3 a6 42. Nxf5 Kc6 43. Ra7 Bxa5 44. Nh6 Bb6 45. Rf7 Re8+ 46. Kd2 1-0

[Event "Titled Tuesday intern op 20th Aug Early"]
[Site "Chess.com INT"]
[Date "2024.08.20"]
[Round "11"]
[White "D'Arruda, Ricardo D"]
[Black "Kleibel, Uwe"]
[Result "1/2-1/2"]
[WhiteElo "2271"]
[BlackElo "2301"]
[PlyCount "38"]
[EventDate "2024.08.20"]
[EventType "swiss (blitz)"]
[EventRounds "11"]
[EventCountry "USA"]
[SourceTitle "EXT 2025"]
[Source "ChessBase"]
[SourceDate "2024.10.14"]
[SourceVersion "1"]
[SourceVersionDate "2024.10.14"]
[SourceQuality "1"]

1. d4 d5 2. Nf3 c6 3. e3 Nf6 4. Bd3 Bg4 5. 0-0 e6 6. h3 Bf5 7. Bxf5 exf5 8. c4 Nbd7 9. Qc2 g6 10. Nbd2 Bd6 11. b3 0-0 12. Bb2 Re8 13. Rac1 Ne4 14. Rfe1 Qf6 15. Nf1 h5 16. N3d2 Qh4 17. Nf3 Qf6 18. N3d2 Qh4 19. Nf3 Qf6 1/2-1/2

[Event "Titled Tuesday intern op 20th Aug Early"]
[Site "Chess.com INT"]
[Date "2024.08.20"]
[Round "9"]
[White "D'Arruda, Ricardo D"]
[Black "Rozman, Levy"]
[Result "0-1"]
[WhiteElo "2271"]
[BlackElo "2370"]
[PlyCount "78"]
[EventDate "2024.08.20"]
[EventType "swiss (blitz)"]
[EventRounds "11"]
[EventCountry "USA"]
[SourceTitle "EXT 2025"]
[Source "ChessBase"]
[SourceDate "2024.10.14"]
[SourceVersion "1"]
[SourceVersionDate "2024.10.14"]
[SourceQuality "1"]

1. d4 f5 2. c3 Nf6 3. e3 g6 4. Bd3 b6 5. Ne2 Bb7 6. 0-0 Bg7 7. b3 0-0 8. Bb2 d6 9. Nd2 e5 10. dxe5 dxe5 11. Bc4+ Kh8 12. Nf3 Qe7 13. Qc2 Be4 14. Qc1 Nbd7 15. Nd2 Bb7 16. a4 a6 17. Re1 Rad8 18. Ng3 h5 19. h3 h4 20. Ngf1 e4 21. Be2 Ne5 22. c4 Nd3 23. Bxd3 Rxd3 24. Qc2 c5 25. Rad1 Rfd8 26. Nb1 g5 27. Nc3 g4 28. hxg4 Nxg4 29. Ne2 h3 30. gxh3 Ne5 31. Bxe5 Bxe5 32. Nf4 Bxf4 33. exf4 Rxh3 34. Rxd8+ Qxd8 35. Ng3 Qd4 36. Re3 Rh4 37. Nxf5 Qa1+ 38. Kg2 Qh1+ 39. Kg3 Qh3# 0-1

[Event "Titled Tuesday intern op 20th Aug Early"]
[Site "Chess.com INT"]
[Date "2024.08.20"]
[Round "8"]
[White "Orozbaev, Eldiar"]
[Black "D'Arruda, Ricardo D"]
[Result "1/2-1/2"]
[WhiteElo "2376"]
[BlackElo "2271"]
[PlyCount "169"]
[EventDate "2024.08.20"]
[EventType "swiss (blitz)"]
[EventRounds "11"]
[EventCountry "USA"]
[SourceTitle "EXT 2025"]
[Source "ChessBase"]
[SourceDate "2024.10.14"]
[SourceVersion "1"]
[SourceVersionDate "2024.10.14"]
[SourceQuality "1"]

1. e4 c5 2. Nf3 Nc6 3. d4 cxd4 4. Nxd4 e5 5. Nb5 a6 6. Nd6+ Bxd6 7. Qxd6 Qe7 8. Qxe7+ Ngxe7 9. Nc3 Nb4 10. Kd1 d6 11. Be3 Be6 12. a3 Nbc6 13. Kd2 d5 14. exd5 Nxd5 15. Nxd5 Bxd5 16. Rd1 0-0-0 17. Kc1 Kc7 18. f3 f5 19. Bd3 g6 20. Rhe1 Rhe8 21. Bg5 Rd7 22. h4 e4 23. c4 Bf7 24. fxe4 fxe4 25. Bf4+ Kc8 26. Bxe4 Rde7 27. Bxc6 Rxe1 28. Bxe8 Rxd1+ 29. Kxd1 Bxe8 30. Kd2 b5 31. Kc3 bxc4 32. Kxc4 h5 33. Kc5 Kb7 34. b3 Bc6 35. g3 Be4 36. b4 Bc2 37. Bg5 Bf5 38. a4 Bc2 39. a5 Bf5 40. Be3 Bc2 41. b5 axb5 42. Kxb5 Bd3+ 43. Kb4 Ka6 44. Bd2 Bf5 45. Kc4 Be4 46. Kd4 Bf5 47. Ke5 Bc2 48. Bc3 Bb1 49. Kd4 Bc2 50. Be1 Bb1 51. Kc3 Bf5 52. Kc4 Bb1 53. Kd4 Bc2 54. Ke5 Bb1 55. Kf4 Bc2 56. g4 hxg4 57. Kxg4 Bd1+ 58. Kg5 Bh5 59. Bc3 Kb5 60. Bd2 Ka6 61. Kf6 Kb5 62. Ke7 Ka6 63. Kd7 Kb5 64. Kc8 Ka6 65. Kc7 Bg4 66. Kd6 Bh5 67. Ke5 Bg4 68. Kf4 Bh5 69. Ke5 Kb5 70. Kd6 Ka6 71. Kc6 Bg4 72. Kc7 Bh5 73. Kb8 Bg4 74. Ka8 Bh5 75. Kb8 Bg4 76. Kc7 Bh5 77. Kd6 Bg4 78. Ke5 Bh5 79. Kf6 Kb5 80. Kg5 Ka6 81. Kh6 Kb5 82. Kh7 Ka6 83. Kg7 Kb5 84. Kf6 Ka6 85. Ke5 1/2-1/2

[Event "Titled Tuesday intern op 20th Aug Early"]
[Site "Chess.com INT"]
[Date "2024.08.20"]
[Round "1"]
[White "Strybuk, Artsiom I"]
[Black "D'Arruda, Ricardo D"]
[Result "1/2-1/2"]
[WhiteElo "2431"]
[BlackElo "2271"]
[PlyCount "145"]
[EventDate "2024.08.20"]
[EventType "swiss (blitz)"]
[EventRounds "11"]
[EventCountry "USA"]
[SourceTitle "EXT 2025"]
[Source "ChessBase"]
[SourceDate "2024.10.14"]
[SourceVersion "1"]
[SourceVersionDate "2024.10.14"]
[SourceQuality "1"]

1. c4 e5 2. a3 Nc6 3. Nc3 Nf6 4. d3 d5 5. cxd5 Nxd5 6. Nf3 f6 7. e4 Nxc3 8. bxc3 Bc5 9. Be2 0-0 10. 0-0 Be6 11. Bb2 Bb6 12. d4 exd4 13. cxd4 Bg4 14. d5 Bxf3 15. Bxf3 Ne5 16. Be2 c6 17. dxc6 Nxc6 18. Bc4+ Kh8 19. Bd5 Qe7 20. Rc1 Rac8 21. Qb3 Nd4 22. Bxd4 Rxc1 23. Rxc1 Bxd4 24. g3 b6 25. Kg2 Bc5 26. Rc2 h6 27. a4 f5 28. exf5 Rxf5 29. Bf3 a5 30. Re2 Qd8 31. Qe6 Rf8 32. h4 Qd4 33. Qg6 Qf6 34. Qg4 Qd4 35. Qg6 Qf6 36. Qh5 Qd4 37. Rc2 Qxa4 38. Rd2 Qb4 39. Re2 Qd4 40. Qg6 Qf6 41. Qg4 Qf5 42. Qxf5 Rxf5 43. Re8+ Rf8 44. Rxf8+ Bxf8 45. Bc6 Bc5 46. f4 Kg8 47. Kf3 Kf7 48. Ke4 Bf2 49. Kf3 Be1 50. h5 Ke6 51. g4 Kd6 52. Be8 Kc5 53. g5 Bd2 54. gxh6 gxh6 55. f5 Bc3 56. Ke4 b5 57. Kd3 Bf6 58. Bd7 a4 59. Be8 Kb4 60. Bd7 Ka5 61. Be8 b4 62. Kc4 b3 63. Bc6 Be5 64. Bd7 Bf6 65. Bc6 Be5 66. Be4 Bg7 67. Bc6 Bf6 68. Bd5 Bg7 69. Be4 Bf6 70. Bf3 Bg7 71. Bc6 Bf6 72. Bd5 Bg7 73. Bc6 1/2-1/2

[Event "Titled Tuesday intern op 20th Aug Early"]
[Site "Chess.com INT"]
[Date "2024.08.20"]
[Round "7"]
[White "Veiga, Jose Francisco RP"]
[Black "D'Arruda, Ricardo D"]
[Result "0-1"]
[WhiteElo "2385"]
[BlackElo "2271"]
[PlyCount "98"]
[EventDate "2024.08.20"]
[EventType "swiss (blitz)"]
[EventRounds "11"]
[EventCountry "USA"]
[SourceTitle "EXT 2025"]
[Source "ChessBase"]
[SourceDate "2024.10.14"]
[SourceVersion "1"]
[SourceVersionDate "2024.10.14"]
[SourceQuality "1"]

1. c4 e5 2. Nc3 Nf6 3. Nf3 Nc6 4. e4 d6 5. d4 Be7 6. Be2 0-0 7. 0-0 Bg4 8. d5 Bxf3 9. Bxf3 Nd4 10. Be3 c5 11. g3 Nxf3+ 12. Qxf3 Qd7 13. Qg2 a6 14. a4 Ne8 15. f4 Bf6 16. f5 h6 17. h4 Nc7 18. Qh3 Qe7 19. b3 Rfb8 20. Ra2 b6 21. g4 Bxh4 22. f6 Bxf6 23. Raf2 Ne8 24. g5 Bxg5 25. Rxf7 Bxe3+ 26. Qxe3 Qxf7 27. Rxf7 Kxf7 28. Qh3 Ra7 29. Nd1 b5 30. Ne3 bxc4 31. Nxc4 Kg8 32. Qe6+ Kh7 33. Qf5+ Kg8 34. Qe6+ Kh7 35. Qf5+ Kg8 36. Qg6 Rd7 37. Qe6+ Rf7 38. Ne3 Kf8 39. Nf5 Rxb3 40. Qc8 Rb1+ 41. Kg2 Rb2+ 42. Kg3 Rb3+ 43. Kg2 Rb2+ 44. Kg3 Rb3+ 45. Kg4 g6 46. Nxh6 Rf4+ 47. Kg5 Rg3+ 48. Ng4 Rfxg4+ 49. Kh6 Rh4# 0-1